| 000 | 00838nam a2200217 i 4500 | ||
|---|---|---|---|
| 001 | 171328 | ||
| 003 | ES-MaACL | ||
| 005 | 20250808062801.0 | ||
| 008 | 090511s1969 sp |||| | spa d | ||
| 017 | _aM 2098-1969 | ||
| 245 | 0 | 0 |
_aComentarios a la constitución Dei Verbum sobre la divina revelación / _cautores, L. Alonso-Schökel... [et al.] ; edición dirigida por Luis Alonso Schökel. |
| 260 |
_aMadrid : _b[La Editorial Católica], _c1969. |
||
| 300 |
_aXXIII, 797 p. ; _c20 cm. |
||
| 490 | 1 |
_aBiblioteca de autores cristianos ; _v284 |
|
| 594 | _aPrecede al tít. : Concilio Vaticano II. | ||
| 700 | 0 |
_aAlonso Schökel, Luis. _9181472 |
|
| 711 | 2 |
_aConcilio Vaticano ( _n2º. _d1962-1965) _9122 |
|
| 830 | 0 | 0 |
_aBiblioteca de autores cristianos _v284 _9178679 |
| 852 |
_aES-MaACL _jJ-278 _9R.46092 |
||
| 999 |
_c171328 _d171328 |
||